Gorrión 3: material de estimulación y desarrollo del proceso lector
Tallennettuna:
| Päätekijät: | , , , |
|---|---|
| Aineistotyyppi: | Kirja |
| Kieli: | espanja |
| Julkaistu: |
Santiago
MECE
1995
Santiago CPEIP 1995 |
| Aiheet: | |
| Tagit: |
Lisää tagi
Ei tageja, Lisää ensimmäinen tagi!
|
MARC
| LEADER | 00000nam a2200000 a 4500 | ||
|---|---|---|---|
| 001 | UCN3695 | ||
| 003 | CL-VaPUC | ||
| 008 | 010706e19950000cl |||||||||||||||||spa|d | ||
| 082 | 0 | 4 | |a 372.41 |b OYA |2 21 |
| 100 | |a Oyarzo González, Enrique |e autor |9 479899 | ||
| 700 | 0 | |a Godoy Lenz, Paulina |e author |9 460325 | |
| 700 | 0 | |a Maray Hernández, Virginia |e author |9 460326 | |
| 700 | 0 | |a Meza Luna, María Luisa |e author |9 460327 | |
| 245 | 1 | 0 | |a Gorrión 3: material de estimulación y desarrollo del proceso lector |
| 246 | 1 | 0 | |a Bienvenidos y bienvenidas al Plan Bandada 2000 |
| 300 | |a 81 p | ||
| 942 | |c BK | ||
| 945 | |d 20010706 00:00:00 |a cmena | ||
| 260 | |a Santiago |b MECE |c 1995 | ||
| 260 | |a Santiago |b CPEIP |c 1995 | ||
| 650 | 0 | |a Enseñanza de la lectura |9 308364 | |
| 650 | 0 | |a Métodos de enseñanza |9 270413 | |
| 650 | 0 | |a Educación lingüística |9 306506 | |
| 583 | |a last modification |c 20171122 05:41:04 |k Rodrigo Vera | ||
| 999 | |c 296481 |d 296479 | ||
| 952 | |0 0 |1 0 |4 0 |6 372_410000000000000_OYA_1995_1995 |7 0 |8 A |9 350271 |a BIBEDU |b BIBEDU |d 2019-11-20 |i 373756K |o 372.41 OYA 1995 1995 |p 373756K |r 2019-11-20 |w 2019-11-20 |y BK |k BME | ||